Tabla de contenidos: número 40, 1990
Furkejuvvon:
| Materiálatiipa: | Texto |
|---|---|
| Giella: | Spanish |
| Fáddágilkorat: |
Lasit fáddágilkoriid
Eai fáddágilkorat, Lasit vuosttaš fáddágilkora!
|
MARC
| LEADER | 00000 a a2200000 04500 | ||
|---|---|---|---|
| 003 | cru IIS | ||
| 005 | 20220223144756.0 | ||
| 008 | 220210b |||||||| |||| 00| 0 spa d | ||
| 040 | |c cru IIS | ||
| 245 | |a Tabla de contenidos: |b número 40, 1990 | ||
| 505 | |a Contenido: 1.Región: Cumbre de Montelimar planteó nueva tarea. -- 2.Comunicado del FMLN sobre la Cumbre Presidencial (12 de diciembre de 1989). -- 3.Declaración de Montelimar. -- 4.Reconocimiento regional para gestión de Ortega. -- 5.Acuerdo de Toncontín. -- 6.Honduras, ¿nuevo líder en la región?. -- 7.Cumbre de Montelimar: nostalgia y satisfacción | ||
| 773 | 0 | |0 42570 |9 6319 |a Universidad de Costa Rica |d San José, Costa Rica CSUCA-PAX; Universidad de Costa Rica, 1988- |o 21702 |t Centroamérica Hoy/ | |
| 942 | |2 ddc |c PP | ||
| 999 | |c 44089 |d 44089 | ||
